Eyes on tomorrow : the evolution of Procter & Gamble /

Bibliographic Details
Main Author: Schisgall, Oscar, 1901-
Format: Book
Language:English
Published: Chicago : J.G. Ferguson Pub. Co. ; 1981.
Edition:1st ed.
Subjects:

MARC

Tag First Indicator Second Indicator Subfields
LEADER 00000cam a2200000 a 4500
001 in00000089127
005 20151008065314.0
008 820208s1981 ilua 00100 eng
010 |a  81066073  
020 |a 0894340115 :  |c $15.95 
035 |a (OCoLC)07935698 
035 |9 AAK5719AM 
039 0 |a 2  |b 3  |c 3  |d 3  |e 3 
040 |a DLC  |c DLC  |d TXA  |d UtOrBLW 
043 |a n-us--- 
049 |a TXAM  |c [1329316] 
050 0 0 |a HD9999.S74  |b P766 
082 0 |a 338.7/67  |2 19 
100 1 |a Schisgall, Oscar,  |d 1901- 
245 1 0 |a Eyes on tomorrow :  |b the evolution of Procter & Gamble /  |c by Oscar Schisgall. 
250 |a 1st ed. 
264 1 |a Chicago :  |b J.G. Ferguson Pub. Co. ;  |c 1981. 
264 2 |a New York :  |b Distributed by Doubleday, 
300 |a xii, 295 pages :  |b illustrations ;  |c 25 cm. 
336 |a text  |b txt  |2 rdacontent 
337 |a unmediated  |b n  |2 rdamedia 
338 |a volume  |b nc  |2 rdacarrier 
500 |a Includes index. 
610 2 0 |a Procter & Gamble Company  |x History. 
650 0 |a Soap trade  |z United States  |x History. 
999 |a MARS 
999 f f |s 603d83d2-fc24-3338-9c98-1cd67180b3e4  |i f8878f55-6655-3936-a0ed-7cbe334d62c1  |t 0 
952 f f |p ric  |a Texas A&M University  |b Rellis Campus  |c Joint Library Facility  |d Remote Storage  |t 0  |e HD9999.S74 P766  |h Library of Congress classification  |i unmediated -- volume  |m A14806132399 
998 f f |a HD9999.S74 P766  |t 0  |l Remote Storage